000 01151nam a2200253 i 4500
001 32916
003 ES-MaACL
005 20251015063048.0
007 t|
008 030131s1910 sp ||||1| spa d
100 1 _aBentabol y Ureta, Horacio,
_d1854-1928
_927784
245 1 0 _aHipótesis y teorías relativas a los cometas y colas cometarias
_b: y consideraciones sobre las posibles consecuencias del encuentro de éstas con la Tierra : extracto de la conferencia pública pronunciada en la noche del 12 de abril de 1910 en la Real Sociedad Geográfica de Madrid /
_cpor Horacio Bentabol y Ureta.
246 3 _aTít. de anteport.: Los cometas y sus colas
250 _aEd. popular.
260 _aMadrid :
_b[s.n.],
_c1910 (
_fImp. Ciudad Líneal)
300 _a40 p. ;
_c15 cm.
530 _aDisponible en formato digital.
650 0 4 _aCometas.
_911171
710 2 _aReal Sociedad Geográfica
_96403
852 _aES-MaACL
_j1736-F-1
_9 34142
_cDEPOF
_zRevisado enlace: 06 de Abril de 2025
856 _uhttp://bdh-rd.bne.es/viewer.vm?id=0000103877&page=1
_yBiblioteca Digital Hispánica
942 _2udc
999 _c32916
_d32916